| 000 | 00638nam a22002297a 4500 | ||
|---|---|---|---|
| 003 | UA-OsUOA | ||
| 001 | 28266 | ||
| 007 | ta | ||
| 008 | 20050314b un ||||| |||| 00| 0 ukr d | ||
| 090 |
_a93025(036) _bГ72 |
||
| 942 | _cBK | ||
| 040 |
_aUA-OsUOA _brus _cUA-OsUOA _dUA-OsUOA |
||
| 245 |
_aГосударственный архив города Киева _bПутеводитель _cСост. С.Ю.Валяшко А. К.Волкотруб Н. М.Гребенюк |
||
| 300 | _a211 с. | ||
| 955 | _a0 | ||
| 041 | _arus | ||
| 080 | _a93025(036) | ||
| 260 |
_aКиев _c1989 |
||
| 044 | _aUA | ||
| 650 | 7 | _2UDC | |
| 999 |
_c314629 _d314629 |
||